000 00444cam a2200181ua 4500
020 _cRs.2.00
041 _amal
_h
082 _a894.8122
_bKUM/VE
100 _aKumarapillai, Kainikkara .
245 _aVeshamgal /
_c`.
_hTextual Documents
250 _a /
_b.
260 _a :
_bSahithyapravarthaka co-operative sangham Ltd ,
_c1955.
300 _a240 ; .
365 _aRs.2.00
504 _a
942 _cBK
999 _c370
_d370